NPB 日本プロ野球 何年度のドラフト? - Statistics

General Stats
  • This quiz has been taken 480 times
  • The average score is 11 of 13
Answer Stats
ヒント 西暦(年) % Correct
1:佐藤輝明2:伊藤大海 3:山下舜平太 2020
99%
1:宗山塁2:金丸夢斗 3:伊原陵人 2024
98%
1:佐々木朗希2:宮城大弥 3:森下暢仁 2019
97%
1:田中正義2:佐々木千隼 3:大山悠輔 2016
95%
1:清宮幸太郎2:中村奨成 3:村上宗隆 2017
95%
1:翁田大勢2:隅田知一郎 3:水野達稀 2021
95%
1:船迫大雅2:松山晋也 3:加藤豪将 2022
91%
1:藤井皓哉2:江越大賀 3:外崎修汰 2014
89%
1:柳町達
2:鈴木健矢 3:大関友久
2019
89%
1:三浦大輔 1991
77%
1:遠山昭治 1985
71%
1:筒井壮 1996
63%
1:遠藤一彦 1977
56%
No matching quizzes found
Score Distribution
Percent of People with Each Score
Percentile by Number Answered
Your Score History
You have not taken this quiz